| 000 | 00614nam a2200217Ia 4500 | ||
|---|---|---|---|
| 003 | GCL | ||
| 008 | 140319s9999 xx 000 0 eng d | ||
| 040 |
_aGCL / _cGCL |
||
| 082 | 0 | 4 |
_a808.83 _bL P |
| 100 | 1 | _aLNDGE, DAVID | |
| 245 | 1 | 0 |
_aTHE PRACTICE OF WRITING: ESSAYS, LECTURES, REVIEWS AND DIARY / _cLNDGE, DAVID |
| 260 |
_a[S.N] : _bMARTIN SECKER AND WARBURG LIMITED ، _c1996 |
||
| 300 | _a340 | ||
| 650 | 0 | 4 | _aENGLISH LITERATURE |
| 650 | 0 | 4 | _aLITERATURE |
| 650 | 0 | 4 | _aSTORIES |
| 650 | 0 | 4 | _aREADING |
| 650 | 0 | 4 | _aFICTION - HISTORY AND CRITICISM |
| 650 | 0 | 4 | _aCOLLECTION OF FICTIONS |
| 942 |
_2ddc _cBK |
||
| 999 |
_c14998 _d14998 |
||